Lụt việc phải làm sao?

Nội dung sách phân tích thực trạng công việc và giải pháp cho vấn đề lụt việc trong thời đại công nghiệp hóa, hiện đại hóa.

Guardat en:
Dades bibliogràfiques
Autor principal: Gleeson, Kerry
Format: Llibre
Idioma:Undetermined
Publicat: Hà Nội Thời đại 2012
Matèries:
Etiquetes: Afegir etiqueta
Sense etiquetes, Sigues el primer a etiquetar aquest registre!
Thư viện lưu trữ: Trung tâm Học liệu Trường Đại học Cần Thơ
LEADER 00762nam a2200205Ia 4500
001 CTU_181311
008 210402s9999 xx 000 0 und d
020 |c 78000 
082 |a 650.1 
082 |b G554 
100 |a Gleeson, Kerry 
245 0 |a Lụt việc phải làm sao? 
245 0 |c Kerry Gleeson ; Thu Huyền (Dịch) 
260 |a Hà Nội 
260 |b Thời đại 
260 |c 2012 
520 |a Nội dung sách phân tích thực trạng công việc và giải pháp cho vấn đề lụt việc trong thời đại công nghiệp hóa, hiện đại hóa. 
650 |a Business management,Quản lý công việc 
910 |a Duyên 
980 |a Trung tâm Học liệu Trường Đại học Cần Thơ